Antarbhuktikrita shiksha (Major8)/ (Record no. 12089)
[ view plain ]
| 000 -LEADER | |
|---|---|
| fixed length control field | 00660nam a22002297a 4500 |
| 005 - DATE AND TIME OF LATEST TRANSACTION | |
| control field | 20250228082358.0 |
| 008 - FIXED-LENGTH DATA ELEMENTS--GENERAL INFORMATION | |
| fixed length control field | 250228b |||||||| |||| 00| 0 eng d |
| 020 ## - INTERNATIONAL STANDARD BOOK NUMBER | |
| International Standard Book Number | 9789358497793 |
| 040 ## - CATALOGING SOURCE | |
| Original cataloging agency | IN-DiNC |
| Transcribing agency | IN-DiNC |
| 041 ## - LANGUAGE CODE | |
| Language code of sung or spoken text | Assamese |
| 082 ## - DEWEY DECIMAL CLASSIFICATION NUMBER | |
| Classification number | 371.9046 |
| Item number | ANT |
| 245 ## - TITLE STATEMENT | |
| Title | Antarbhuktikrita shiksha (Major8)/ |
| Statement of responsibility, etc. | by Nabanita Deka and others |
| 250 ## - EDITION STATEMENT | |
| Edition statement | 1st ed. |
| 260 ## - PUBLICATION, DISTRIBUTION, ETC. | |
| Place of publication, distribution, etc. | Dibrugarh: |
| Name of publisher, distributor, etc. | Banalata, |
| Date of publication, distribution, etc. | 2025. |
| 300 ## - PHYSICAL DESCRIPTION | |
| Extent | 384p. |
| 650 ## - SUBJECT ADDED ENTRY--TOPICAL TERM | |
| Topical term or geographic name entry element | Inclusive education (Major8) |
| 700 ## - ADDED ENTRY--PERSONAL NAME | |
| Personal name | Deka, Nabanita |
| Relator term | Author |
| 700 ## - ADDED ENTRY--PERSONAL NAME | |
| Personal name | Sonowal, Puranjay |
| Relator term | Author |
| 700 ## - ADDED ENTRY--PERSONAL NAME | |
| Personal name | Rajkhowa, Porag |
| Relator term | Author |
| 700 ## - ADDED ENTRY--PERSONAL NAME | |
| Personal name | Buragohain, Purbomanjuri |
| Relator term | Author |
| 942 ## - ADDED ENTRY ELEMENTS (KOHA) | |
| Source of classification or shelving scheme | Dewey Decimal Classification |
| Koha item type | Books |
| Withdrawn status | Lost status | Source of classification or shelving scheme | Damaged status | Not for loan | Collection code | Home library | Current library | Shelving location | Date acquired | Cost, normal purchase price | Total Checkouts | Full call number | Barcode | Date due | Date last seen | Date last checked out | Copy number | Price effective from | Koha item type |
|---|---|---|---|---|---|---|---|---|---|---|---|---|---|---|---|---|---|---|---|
| Dewey Decimal Classification | Education | Naharkatiya College Library | Naharkatiya College Library | General Stacks | 28/02/2025 | 270.00 | 4 | 371.9046 ANT | 30486 | 25/02/2026 | 06/02/2026 | 06/02/2026 | 1 | 28/02/2025 | Books | ||||
| Dewey Decimal Classification | Education | Naharkatiya College Library | Naharkatiya College Library | General Stacks | 28/02/2025 | 270.00 | 5 | 371.9046 ANT | 30487 | 11/06/2025 | 16/05/2025 | 2 | 28/02/2025 | Books | |||||
| Dewey Decimal Classification | Education | Naharkatiya College Library | Naharkatiya College Library | General Stacks | 28/02/2025 | 270.00 | 5 | 371.9046 ANT | 30488 | 25/05/2026 | 07/05/2026 | 07/05/2026 | 3 | 28/02/2025 | Books |
